Miasta, w których odbędzie się Euro 2024 - Statystyki

Ogólne statystyki
  • Ten quiz został rozwiązany 356 razy
  • Średni wynik to 6 z 10
Statystyki odpowiedzi
Miasto % Poprawnych
Berlin
96%
Monachium
92%
Dortmund
91%
Hamburg
69%
Frankfurt
63%
Lipsk
59%
Kolonia
54%
Stuttgart
49%
Düsseldorf
37%
Gelsenkirchen
33%
Nie znaleziono quizów pasujących do podanych kryteriów
Rozkład punktacji
Procent ludzi z każdym wynikiem
Percentyl według liczby udzielonych odpowiedzi
Twoja historia wyników
Nie rozwiązałeś tego quizu